00468nam a2200181 a 4500001001300000003000900013005001700022008004100039020001000080082001700090100002300107245004200130260003300172300000800205500003500213650001500248700002300263nice12345678IN_TiNIC20260116012146.0070629s1933 bada grp 000 0 urd  ac10000a297.86bABD2 aAbdullah, Muhammad aMunara-E-muhammdi--wa-nazara-e-ahmadi aBadaun bNo Publisher c1933 a44p aincludes index and biblioraphy aAhmadiyyah1 aAbdullah, Muhammad